Mes premiers pas avec ChatGPT (notice n° 1539211)
[ vue normale ]
| 000 -LEADER | |
|---|---|
| fixed length control field | 01759cam a2200169 4500500 |
| 005 - DATE AND TIME OF LATEST TRANSACTION | |
| control field | 20251012021715.0 |
| 041 ## - LANGUAGE CODE | |
| Language code of text/sound track or separate title | fre |
| 042 ## - AUTHENTICATION CODE | |
| Authentication code | dc |
| 100 10 - MAIN ENTRY--PERSONAL NAME | |
| Personal name | Morel, Isabelle |
| Relator term | author |
| 245 00 - TITLE STATEMENT | |
| Title | Mes premiers pas avec ChatGPT |
| 260 ## - PUBLICATION, DISTRIBUTION, ETC. | |
| Date of publication, distribution, etc. | 2024.<br/> |
| 500 ## - GENERAL NOTE | |
| General note | 5 |
| 520 ## - SUMMARY, ETC. | |
| Summary, etc. | The invention and development of AI come after other technical breakthroughs like printing, television, or the internet. These advancements have profoundly impacted our way of living and thinking, reshaping our educational practices. What, then, are the implications for catechetical activities and faith transmission ? While history’s hindsight doesn’t provide precise answers, practical experience offers intriguing insights. In this article, the author shares her initial encounters with ChatGPT and reflects on them in an original and instructive style. |
| 520 ## - SUMMARY, ETC. | |
| Summary, etc. | L’invention et le développement de l’IA viennent à leur tour, après d’autres inventions techniques comme l’imprimerie, la télévision ou l’internet, bouleverser notre manière de vivre, de réfléchir et ainsi remodeler les pratiques éducatives. Qu’en est-il des conséquences pour nos activités catéchétiques et pour la transmission de la foi de manière générale ? Si le recul de l’histoire ne permet pas d’affirmer quoi que ce soit avec précision, la pratique apporte déjà quelques éléments intéressants à prendre en considération. L’article rapporte en ce sens les premiers pas de l’auteure avec ChatGPT, et ses réflexions personnelles dans un style original et instructif. |
| 786 0# - DATA SOURCE ENTRY | |
| Note | Lumen Vitae | Volume LXXIX | 3 | 2024-09-23 | p. 298-309 | 0024-7324 |
| 856 41 - ELECTRONIC LOCATION AND ACCESS | |
| Uniform Resource Identifier | <a href="https://shs.cairn.info/revue-lumen-vitae-2024-3-page-298?lang=fr&redirect-ssocas=7080">https://shs.cairn.info/revue-lumen-vitae-2024-3-page-298?lang=fr&redirect-ssocas=7080</a> |
Pas d'exemplaire disponible.




Réseaux sociaux